| 000 | 01095pam a2200289 a 4500 | ||
|---|---|---|---|
| 999 |
_c23838 _d23838 |
||
| 001 | 566809 | ||
| 003 | OSt | ||
| 005 | 20170127105611.0 | ||
| 008 | 891220s1990 vau b s001 0 eng | ||
| 010 | _a 89077518 | ||
| 020 | _a0813912776 | ||
| 040 |
_aDLC _cDLC _dDLC |
||
| 050 | 0 | 0 |
_aPR2983 _b.K497 1990 |
| 082 | 0 | 0 |
_a822.3/3 _220 |
| 100 | 1 | _aKirsch, Arthur C. | |
| 245 | 1 | 4 |
_aThe passions of Shakespeare's tragic heroes / _cArthur Kirsch. |
| 260 |
_aCharlottesville : _bUniversity Press of Virginia, _c1990. |
||
| 300 |
_ax, 163 p. ; _c24 cm. |
||
| 504 | _aIncludes bibliographical references (p. 147-159) and index. | ||
| 600 | 1 | 0 |
_aShakespeare, William, _d1564-1616 _xTragedies. |
| 600 | 1 | 0 |
_aShakespeare, William, _d1564-1616 _xCharacters _xHeroes. |
| 650 | 0 | _aEmotions in literature. | |
| 650 | 0 | _aHeroes in literature. | |
| 650 | 0 | _aTragedy. | |
| 906 |
_a7 _bcbc _corignew _d1 _eopcn _f19 _gy-gencatlg |
||
| 942 |
_2lcc _cBOOKS _hPR 2983 .K497 1990 |
||